00395pam a2200157 a 4500020000500000040002500005041001300030082001700043100002200060245006200082250001400144260002500158300001300183365001100196653003000207 c aMedical College Lib. aENGhENG a616.075bTIL aTilkian, S. M. . aClinical Implictions of Lab. Test / chTextual Documents a4th / b. a : bMosby , c1987. a667 ; c a472=50 aMedicineaMedical Science